|
|
|
|
| LEADER |
00000nab a2200000uu 4500 |
| 001 |
vtls010883588 |
| 003 |
SK-MaSNL |
| 005 |
20260303145103.0 |
| 008 |
230222|2008 xo |||||||||||||||||slo| |
| 015 |
|
|
|a SNBRB
|
| 035 |
|
|
|a (urnnbn)urn:nbn:sk:snk:ar-0026bq
|
| 035 |
|
|
|a (uuid)1005ec3d-2843-449c-b4f1-cf44a176993c
|
| 035 |
|
|
|a urn:nbn:sk:snk-ab8f2z
|
| 040 |
|
|
|a SNKBUCL
|b slo
|c SNKBUCL
|e AACR2
|
| 041 |
0 |
|
|a slo
|
| 044 |
|
|
|a xo
|c SK
|
| 100 |
1 |
|
|a Fuzák, Patrik
|4 aut
|9 1167462
|
| 245 |
1 |
0 |
|a Spolkový život v Liptovskom Svätom Mikuláši v 19. storočí
|c Patrik Fuzák
|
| 773 |
0 |
|
|t Acta historica Neosoliensia : ročenka Katedry histórie Fakulty humanitných vied Univerzity Mateja Bela v Banskej Bystrici
|g Roč. 11, č. 1 (2008), s. 339-345
|
| 954 |
|
|
|a odborná, vedecká literatúra pôvodná (slovenská)
|2 lita
|
| 958 |
|
|
|a OND
|
| 958 |
|
|
|a EUIPO
|
| 958 |
|
|
|a article10
|
| 999 |
|
|
|c 2000366
|d 2002296
|